Normal view
MARC view
Entry Personal Name
001 - CONTROL NUMBER
- control field: 36658
003 - CONTROL NUMBER IDENTIFIER
- control field: OSt
005 - DATE AND TIME OF LATEST TRANSACTION
- control field: 20230524203915.0
008 - FIXED-LENGTH DATA ELEMENTS
- fixed length control field: 230524|| aca||aabn | a|a d
040 ## - CATALOGING SOURCE
- Original cataloging agency: OSt
- Transcribing agency: OSt
100 ## - HEADING--PERSONAL NAME
- Personal name: Mohit Naryani
670 ## - SOURCE DATA FOUND
- Source citation: Work cat.: (OSt)50690: Mohit Naryani, "Trust Me, It'''' ll Work: Best Humor Comes to the Fore in the Worst of Times"
